000 01183nam a22003497a 4500
001 21526969
003 OSt
005 20250129134142.0
008 250129b |||||||| |||| 00| 0 eng d
010 _a 2020938464
020 _a9780128215029
_q(paperback)
020 _z9780128215036
_q(ebook)
040 _aKMU
_beng
_erda
_cKMU
_dKMU
042 _apcc
050 0 0 _aTA345
_b.S73 2021
100 1 _aSquire, James C.,
_eauthor.
245 1 0 _aProgramming for electrical engineers :
_bMATLAB & SPICE /
_cJames C. Squire, P.E., Ph.D., Julie Phillips Brown, Ph.D.
264 1 _aLondon [England] ;
_aSan Diego, CA :
_bAcademic Press,
_c[2021]
300 _axvi, 266 pages :
_billustrations (chiefly color) ;
_c28 cm
336 _atext
_btxt
_2rdacontent
337 _aunmediated
_bn
_2rdamedia
338 _avolume
_bnc
_2rdacarrier
500 _aIncludes index.
500 _a"MATLAB examples"--Cover.
630 0 0 _aMATLAB.
630 0 0 _aSPICE (Computer file)
650 0 _aComputer-aided engineering.
650 0 _aNumerical analysis
_xData processing.
700 1 _aBrown, Julie Phillips,
_eauthor.
906 _a7
_bcbc
_corignew
_d2
_eepcn
_f20
_gy-gencatlg
942 _2lcc
_cBK
_n0
999 _c1569
_d1569